Two and a half men main characters Quiz Stats

 Plays Quiz not verified by Sporcle

Challenge
Share
Tweet
Embed
Score 0/9 Timer 05:00
0 Plays Today
% Correct
charlie
99.5%
jake
98.7%
alan
98.5%
berta
91.6%
judith
89.3%
rose
85.2%
herb
84.7%
evelyn
82.9%
kandi
49.7%

You're not logged in!

Compare scores with friends on all Sporcle quizzes.
OR
Log In

You Might Also Like...

Show Comments

Extras

Created May 14, 2011ReportNominate
Tags:character, half, men

Top Quizzes Today


Score Distribution

Your Account Isn't Verified!

In order to create a playlist on Sporcle, you need to verify the email address you used during registration. Go to your Sporcle Settings to finish the process.

Report this User

Report this user for behavior that violates our Community Guidelines.

Details: